Top 10 global cities attracting the most foreign investors - Statistics

General Stats
  • This quiz has been taken 280 times
  • The average score is 7 of 10
Answer Stats
Hint Answer % Correct
1 London
98%
5 New York
97%
10 Paris
92%
6 Beijing
83%
3 Shanghai
83%
2 Hong Kong
78%
7 Moscow
67%
8 Sydney
65%
4 Sao Paulo
49%
9 San Francisco
36%
No matching quizzes found
Score Distribution
Percent of People with Each Score
Percentile by Number Answered
Your Score History
You have not taken this quiz